Claro-oscuro (Record no. 166153)

MARC details
000 -LEADER
campo de control de longitud fija 00827nam a2200193 i 4500
001 - NÚMERO DE CONTROL
campo de control 166153
003 - IDENTIFICADOR DE NÚMERO DE CONTROL
campo de control ES-MaACL
005 - FECHA Y HORA DE LA ÚLTIMA TRANSACCIÓN
campo de control 20250815013654.0
008 - DATOS DE LONGITUD FIJA--INFORMACIÓN GENERAL
campo de control de longitud fija 050908s1893 sp |||| | spa d
100 1# - ENTRADA PRINCIPAL--NOMBRE DE PERSONA
Nombre de persona Terán, Luis de,
Fechas asociadas al nombre 1864-1935
9 (RLIN) 109725
245 10 - MENCIÓN DEL TÍTULO
Título Claro-oscuro
Resto del título : ensayo de novela /
Mención de responsabilidad, etc. por Luis de Terán ; con una carta de José María de Pereda.
260 ## - PUBLICACIÓN, DISTRIBUCIÓN, ETC.
Lugar de publicación, distribución, etc. Bilbao :
Nombre del editor, distribuidor, etc. [s.n.],
Fecha de publicación, distribución, etc. 1893 (
Fabricante Estab. Tip. de la Viuda de E. Calle)
300 ## - DESCRIPCIÓN FÍSICA
Extensión 227 p. ;
Dimensiones 22 cm.
530 ## - NOTA DISPONIBLE DE FORMULARIO FÍSICO ADICIONAL
Nota de formato físico adicional disponible Disponible en formato digital.
700 1# - ENTRADA AGREGADA--NOMBRE PERSONAL
Nombre de persona Pereda, José María de,
Fechas asociadas al nombre 1833-1906
9 (RLIN) 90447
852 ## - LOCALIZACIÓN
Ubicación ES-MaACL
Número de control de estantería G-12714
Nota libre - Enc. hol., conservando la cub. original
-- . - Dedicatoria autógrafa del autor
856 ## - LOCALIZACIÓN Y ACCESO ELECTRÓNICOS
Identificador Uniforme de Recursos <a href="http://bdh-rd.bne.es/viewer.vm?id=0000206743&page=1 ">http://bdh-rd.bne.es/viewer.vm?id=0000206743&page=1 </a>
Nota pública Biblioteca Digital Hispánica
Holdings
Estatus retirado Estado de pérdida Estado de daño No para préstamo Colección Biblioteca de origen Biblioteca actual Ubicación en estantería Fecha de adquisición Fuente de adquisición Total de préstamos Signatura topográfica completa Código de barras Visto por última vez Precio de reemplazo Tipo de ítem Koha
        Colección digital Biblioteca del Ateneo de Madrid Biblioteca del Ateneo de Madrid Sala Pecera Planta 3 17/01/2008     G-12714 1174250 23/02/2023 23/02/2023 Libro impreso antiguo